Queen Songs by Lines - Statistics

General Stats
  • This quiz has been taken 894 times
  • The average score is 9 of 12
Answer Stats
Line Song % Correct
No time for losers 'cause... We Are The Champions
97%
Two hundred degrees. That's why they call me Mister Fahrenheit. Don't Stop Me Now
94%
Thunderbolt and lightning. Very, very frightening me. Bohemian Rhapsody
87%
You got blood on yo' face. You big disgrace. Wavin' your banner all over the place. We Will Rock You
87%
Steve walks warily down the street. With the brim pulled way down low. Ain't no sound but the sound of his feet, Machine guns ready to go. Another One Bites the Dust
75%
I've fallen in love. I've fallen in love for the first time. (...) God knows, got to make it on my own. So baby can't you see. I've got to _____ ____. I Want To Break Free
74%
I work hard (he works hard) every day of my life. I work 'til I ache my bones. At the end (at the end of the day) I take home my hard-earned pay all on my own Somebody To Love
71%
We watch the shows, we watch the stars. On videos for hours and hours. We hardly need to use our ears. Radio Ga Ga
70%
Recommended at the price. Insatiable an appetite. Wanna try? Killer Queen
67%
Empty spaces - what are we living for. Abandoned places - I guess we know the score. The Show Must Go On
62%
Our lives dictated by tradition, superstition, false religion. Through the eons, and on and on (...) Through the sorrow all through our splendor. Don't take offence at my ________. Innuendo
38%
________ Ibrahim. ________ Ibrahim. Allah, Allah, Allah will pray for you. Mustapha
32%
No matching quizzes found
Score Distribution
Percent of People with Each Score
Percentile by Number Answered
Your Score History
You have not taken this quiz